Random Countries 2 - Statistics

General Stats
  • This quiz has been taken 17 times
  • The average score is 19 of 20
Answers on the Map
Answers color-coded by a green-red scale on the quiz's map according to % correct below.
 
Answer Stats
Answer % Correct
Australia
100%
India
100%
Italy
100%
Jamaica
100%
North Korea
100%
Russia
100%
South Africa
100%
Brazil
93%
Chad
93%
Chile
93%
Colombia
93%
Denmark
93%
Indonesia
93%
Mexico
93%
Mongolia
93%
Oman
93%
Sri Lanka
93%
United States
93%
Kenya
86%
Czechia
79%
No matching quizzes found
Score Distribution
Percent of People with Each Score
Percentile by Number Answered
Your Score History
You have not taken this quiz